Informatics in the Future (Запис № 449354)

МАРК-запис
000 -LEADER
fixed length control field 04544nam a22005775i 4500
001 - CONTROL NUMBER
control field 978-3-319-55735-9
003 - CONTROL NUMBER IDENTIFIER
control field DE-He213
005 - DATE AND TIME OF LATEST TRANSACTION
control field 20260304124126.0
007 - PHYSICAL DESCRIPTION FIXED FIELD--GENERAL INFORMATION
fixed length control field cr nn 008mamaa
008 - FIXED-LENGTH DATA ELEMENTS--GENERAL INFORMATION
fixed length control field 170530s2017 sz | s |||| 0|eng d
020 ## - INTERNATIONAL STANDARD BOOK NUMBER
International Standard Book Number 9783319557359
-- 978-3-319-55735-9
024 7# - OTHER STANDARD IDENTIFIER
Standard number or code 10.1007/978-3-319-55735-9
Source of number or code doi
050 #4 - LIBRARY OF CONGRESS CALL NUMBER
Classification number QA76.9.C66
072 #7 - SUBJECT CATEGORY CODE
Subject category code UBJ
Source bicssc
072 #7 - SUBJECT CATEGORY CODE
Subject category code COM079000
Source bisacsh
072 #7 - SUBJECT CATEGORY CODE
Subject category code UBJ
Source thema
082 04 - DEWEY DECIMAL CLASSIFICATION NUMBER
Classification number 303.4834
Edition number 23
245 10 - TITLE STATEMENT
Title Informatics in the Future
Medium [electronic resource] :
Remainder of title Proceedings of the 11th European Computer Science Summit (ECSS 2015), Vienna, October 2015 /
Statement of responsibility, etc edited by Hannes Werthner, Frank van Harmelen.
250 ## - EDITION STATEMENT
Edition statement 1st ed. 2017.
264 #1 -
-- Cham :
-- Springer International Publishing :
-- Imprint: Springer,
-- 2017.
300 ## - PHYSICAL DESCRIPTION
Extent XI, 109 p. 22 illus. in color.
Other physical details online resource.
336 ## -
-- text
-- txt
-- rdacontent
337 ## -
-- computer
-- c
-- rdamedia
338 ## -
-- online resource
-- cr
-- rdacarrier
347 ## -
-- text file
-- PDF
-- rda
505 0# - FORMATTED CONTENTS NOTE
Formatted contents note Shifting Identities in Computing: From a Useful Tool to a New Method and Theory of Science -- On the Big Impact of “Big Computer Science” -- On Informatics, Diamonds and T -- Leadership and Balance in Research -- Rational ethics -- Ethics for the digital age: where are the moral specs? -- Digital Sovereignty and IT-Security for a Prosperous Society -- Women in Computing and the contingency of informatics cultures -- Ada - poet of computing.
506 0# - RESTRICTIONS ON ACCESS NOTE
Terms governing access Open Access
520 ## - SUMMARY, ETC.
Summary, etc This book is open access under a CC BY-NC 4.0 license. This volume discusses the prospects and evolution of informatics (or computer science), which has become the operating system of our world, and is today seen as the science of the information society. Its artifacts change the world and its methods have an impact on how we think about and perceive the world. Classical computer science is built on the notion of an “abstract” machine, which can be instantiated by software to any concrete problem-solving machine, changing its behavior in response to external and internal states, allowing for self-reflective and “intelligent” behavior. However, current phenomena such as the Web, cyber physical systems or the Internet of Things show us that we might already have gone beyond this idea, exemplifying a metamorphosis from a stand-alone calculator to the global operating system of our society. Thus computer scientists will need to reconsider the foundations of their discipline to realize the full potential of our field. Taking often contradictory developments into consideration, researchers will not be able to tackle specific technological or methodological problems in the future without also a broader reflection on their field. The papers in this book take a first step forward and reflect on these issues from different perspectives. The broad spectrum of topics includes Informatics: a discipline with a (short) history and a high impact Interdisciplinarity: how to do research Ethics: what is our responsibility Diversity: why are there so few women in informatics Combining informatics, history and art: a special contribution. This book is intended for all informatics researchers, in academia as well as in industry. It is our responsibility – not only as scientists but also as citizens – to make the public aware of the dichotomies and dialectic relationships of computer science.
650 #0 - SUBJECT ADDED ENTRY--TOPICAL TERM
Topical term or geographic name as entry element Computers and civilization.
650 #0 - SUBJECT ADDED ENTRY--TOPICAL TERM
Topical term or geographic name as entry element Computers
General subdivision History.
9 (RLIN) 10340
650 #0 - SUBJECT ADDED ENTRY--TOPICAL TERM
Topical term or geographic name as entry element Diversity in the workplace.
9 (RLIN) 15240
650 #0 - SUBJECT ADDED ENTRY--TOPICAL TERM
Topical term or geographic name as entry element Science
General subdivision Moral and ethical aspects.
650 14 - SUBJECT ADDED ENTRY--TOPICAL TERM
Topical term or geographic name as entry element Computers and Society.
650 24 - SUBJECT ADDED ENTRY--TOPICAL TERM
Topical term or geographic name as entry element History of Computing.
9 (RLIN) 10342
650 24 - SUBJECT ADDED ENTRY--TOPICAL TERM
Topical term or geographic name as entry element Diversity Management and Women in Business.
9 (RLIN) 15241
650 24 - SUBJECT ADDED ENTRY--TOPICAL TERM
Topical term or geographic name as entry element Science Ethics.
700 1# - ADDED ENTRY--PERSONAL NAME
Personal name Werthner, Hannes.
Relator term editor.
Relator code edt
-- http://id.loc.gov/vocabulary/relators/edt
700 1# - ADDED ENTRY--PERSONAL NAME
Personal name van Harmelen, Frank.
Relator term editor.
Relator code edt
-- http://id.loc.gov/vocabulary/relators/edt
9 (RLIN) 23578
710 2# - ADDED ENTRY--CORPORATE NAME
Corporate name or jurisdiction name as entry element SpringerLink (Online service)
773 0# - HOST ITEM ENTRY
Title Springer Nature eBook
776 08 - ADDITIONAL PHYSICAL FORM ENTRY
Display text Printed edition:
International Standard Book Number 9783319557342
776 08 - ADDITIONAL PHYSICAL FORM ENTRY
Display text Printed edition:
International Standard Book Number 9783319557366
856 40 - ELECTRONIC LOCATION AND ACCESS
Uniform Resource Identifier <a href="https://doi.org/10.1007/978-3-319-55735-9">https://doi.org/10.1007/978-3-319-55735-9</a>
912 ## -
-- ZDB-2-SCS
912 ## -
-- ZDB-2-SXCS
912 ## -
-- ZDB-2-SXPS
912 ## -
-- ZDB-2-SOB

Немає доступних примірників.